ناصر : (Record no. 24189)
[ view plain ]
| 000 -الفاتح | |
|---|---|
| حقل البيانات ثابتة الطول | 01166nam a2200289 i 4500 |
| 003 - محدد رقم الضبط | |
| رقم الضبط | EG-ScBUE |
| 005 - وقت وتاريخ اخر تعامل مع التسجيلة | |
| رقم الضبط | 20240225143033.0 |
| 008 - عناصر البيانات ثابتة الطول - معلومات عامة | |
| حقل البيانات ثابتة الطول | 170218s2017 ua o f 000 0bara d |
| 040 ## - مصدر الفهرسة | |
| وكالة الفهرسة الأصلية | EG-ScBUE |
| لغة الفهرسة | ara |
| قواعد الوصف | rda |
| وكالة النسخ | EG-ScBUE |
| وكالة التعديل | EG-ScBUE |
| 043 ## - رمز المنطقة الجغرافية | |
| رمز المنطقة الجغرافية | f-ua--- |
| 082 04 - رقم تصنيف ديوى العشرى | |
| رقم التصنيف | 962.053 |
| رقم المادة | ن ا ص |
| رقم الطبعة | 22 |
| 245 00 - بيان العنوان | |
| العنوان | ناصر : |
| بقية العنوان | العام المئوي : سجل مصور. |
| رقم الجزء/قسم العمل | الجزء الأول، |
| اسم جزء/قسم العمل | الإنسان / |
| بيان المسئوليه,etc | مؤسسة دار الهلال. |
| 246 30 - العنوان الموازى | |
| عنوان صحيح/عنوان مختصر | إنسان |
| 264 #1 - النشر، التوزيع | |
| مكان الناشر او الموزع | القاهرة : |
| اسم الناشر او الموزع | مؤسسة دار الهلال، |
| تاريخ النشر أو التوزيع | 2017. |
| 300 ## - الوصف المادى | |
| التعداد | 311 صفحة : |
| تفاصيل ماديه اخرى للوعاء | صور ؛ |
| أبعاد الوعاء | 32 سم |
| 336 ## - نوع المحتوى | |
| source | rdacontent |
| Carrier Type Term | نص |
| Content Type Code | txt |
| 337 ## - نوع الوسيط | |
| Media Type Term | بدون وسيط |
| source | rdamedia |
| Media Type Code | n |
| 338 ## - نوع الحامل أو الناقل | |
| Carrier Type Term | مجلد |
| Carrier Type Code | nc |
| source | rdacarrier |
| 541 ## - تبصرة المصدر المباشر للتزويد | |
| مصدر التزويد | إهداء من استاذ / محمد فريد خميس. |
| 600 07 - المدخل الاضافى بالموضوع-اسم شخصى | |
| الإسم الشخصى | جمال عبد الناصر، |
| التواريخ المصاحبة للاسم | 1918-1970 |
| التقسيم الفرعي الشكلي | صور فوتوغرافية. |
| مصدر الرأس أو المصطلح | BUEsh |
| 650 ## - المدخل الاضافى بالموضوع-مصطلح موضوعى | |
| مصدر الرأس أو المصطلح | BUEsh |
| 651 #7 - المدخل الاضافى بالموضوع - اسم جغرافى | |
| الاسم الجغرافي | مصر |
| التقسيم الفرعي العام | ملوك وحكام |
| التقسيم الفرعي الشكلي | تراجم |
| -- | صور فوتوغرافية. |
| مصدر الرأس أو المصطلح | BUEsh |
| 651 #7 - المدخل الاضافى بالموضوع - اسم جغرافى | |
| الاسم الجغرافي | مصر |
| التقسيم الفرعي العام | تاريخ |
| التقسيم الفرعي الزمني | جمال عبد الناصر، 1954-1970. |
| مصدر الرأس أو المصطلح | BUEsh |
| 9 (RLIN) | 27900 |
| 653 ## - مصطلح تكشيفى غير مقيد | |
| Resource For college | Generalities |
| Arrived date list | February2017 |
| 655 ## - مصطلح تكشيفى-نوع/شكل | |
| التقسيم الفرعي الشكلي | Reading book |
| 942 ## - عناصر المدخل الإضافي( كوها) | |
| مصدر التصنيف او مخطط الترفيف | Dewey Decimal Classification |
| حالة التراجع | حالة الفقد | مصدر التصنيف او خطة الترفيف | حالة تلف | ليس للاعارة | مجموعات كوها | المكان الدائم | المكان الحالي | موقع الترفيف | تاريخ الاكتساب | Source of acquisition | رقم الاستدعاء | الباركود | Date last seen | تبصرة غير عامة( المفوع للعناصر المفقوده) | نوع الوعاء |
|---|---|---|---|---|---|---|---|---|---|---|---|---|---|---|---|
| Dewey Decimal Classification | Donation-Gift | Central Library | Central Library | Ground Floor | 18/02/2017 | Donation | 962.053 ن ا ص | 000045539 | 15/07/2025 | إهداء من استاذ محمد فريد خميس | NB - Book (Non borrowing) | ||||
| Dewey Decimal Classification | Donation-Gift | Central Library | Central Library | Ground Floor | 18/02/2017 | Donation | 962.053 ن ا ص | 000045540 | 15/07/2025 | إهداء من استاذ محمد فريد خميس | NB - Book (Non borrowing) | ||||
| Dewey Decimal Classification | Donation-Gift | Central Library | Central Library | Ground Floor | 18/02/2017 | Donation | 962.053 ن ا ص | 000045541 | 15/07/2025 | إهداء من استاذ محمد فريد خميس | NB - Book (Non borrowing) | ||||
| Dewey Decimal Classification | Donation-Gift | Central Library | Central Library | Ground Floor | 18/02/2017 | Donation | 962.053 ن ا ص | 000045542 | 15/07/2025 | إهداء من استاذ محمد فريد خميس | NB - Book (Non borrowing) | ||||
| Dewey Decimal Classification | Donation-Gift | Central Library | Central Library | Ground Floor | 18/02/2017 | Donation | 962.053 ن ا ص | 000045543 | 15/07/2025 | إهداء من استاذ محمد فريد خميس | NB - Book (Non borrowing) | ||||
| Dewey Decimal Classification | Donation-Gift | Central Library | Central Library | Ground Floor | 18/02/2017 | Donation | 962.053 ن ا ص | 000045544 | 15/07/2025 | إهداء من استاذ محمد فريد خميس | NB - Book (Non borrowing) | ||||
| Dewey Decimal Classification | Donation-Gift | Central Library | Central Library | Ground Floor | 18/02/2017 | Purchase | 962.053 ن ا ص | 000045545 | 15/07/2025 | إهداء من استاذ محمد فريد خميس | NB - Book (Non borrowing) |